000 02578nam0a2200349 4500
001 RU\NLR\BIBL_A\011925757
005 20230220161149.0
010 _a978-5-7996-2479-8
_950
021 _aRU
_bКН-П-18-099518
_9КН-П-18-7224
035 _a(NLR Aleph) 011925757
035 _a(RuMoRGB)009854826
090 _a11011358
_c11011358
100 _a20190201d2018 u y0rusy50 ca
101 0 _arus
102 _aRU
105 _aa|||j|||000zy
200 1 _aРасчет и выбор электрооборудования низковольтных распределительных сетей промышленных предприятий
_eучебное пособие
_eдля студентов вуза, обучающихся по направлению подготовки 13.03.02 - Электроэнергетика и электротехника
_fВ.Э. Фризен, С.Л. Назаров
_gМинистерство науки и высшего образования Российской Федерации, Уральский федеральный университет имени первого Президента России Б.Н. Ельцина, [Уральский энергетический институт]
210 _aЕкатеринбург
_cИзд-во Уральского университета
_d2018
215 _a179 с.
_cил., табл., цв. ил.
_d24
300 _aНа 4-й с обл. авт.: Фризен В.Э., д.т.н., доц., Назаров С.Л., к.т.н., доц.
320 _aБиблиогр.: с. 139-140 (19 назв.) и в тексте
606 1 _aПромышленные предприятия
_jУчебные издания для высших учебных заведений
_xЭлектрооборудование
_xПроектирование
_92431052
_3RU\NLR\AUTH\661446994
606 1 _aПромышленные предприятия
_jУчебные издания для высших учебных заведений
_xЭлектрические сети внутрицеховые
_xПроектирование
_92524269
_3RU\NLR\AUTH\6601709862
686 1 _aЗ29-5-02я73-1
686 1 _aЗ279.27-02я73-1
700 1 _aФризен
_bВ. Э.
_gВасилий Эдуардович
701 1 _aНазаров
_bС. Л.
_cканд. техн. наук
_gСергей Леонардович
_9242043
_3RU\NLR\AUTH\770242099
942 _cBOOK
980 _aNBR
980 _aNB